000
00302nam a22001337a 4500
003
SGT
020
_a
9789381075128
082
_a
615.7
_b
VEN
100
_a
VENKATESWARLU V
245
_a
BIOPHARMACEUTICS AND PHARMACOKENETICS
260
_a
INDIA
_b
PHARMA MED
_c
2026
300
_a
506
942
_2
ddc
_c
BK
999
_c
34463
_d
34463